HTML: illustrated brief

Shranjeno v:
Bibliografske podrobnosti
Glavni avtor: Cox, Vicki L.
Format: Knjiga
Jezik:Undetermined
Izdano: Australia,Boston, Mass. Thomson/Course Technology 2006
Teme:
Oznake: Označite
Brez oznak, prvi označite!
Thư viện lưu trữ: Trung tâm Học liệu Trường Đại học Cần Thơ
LEADER 00584nam a2200205Ia 4500
001 CTU_128945
008 210402s9999 xx 000 0 und d
020 |c 307000 
082 |a 005.72 
082 |b C877 
100 |a Cox, Vicki L. 
245 0 |a HTML: 
245 0 |b illustrated brief 
245 0 |c Vicki L. Cox, Elizabeth Eisner Reding 
260 |a Australia,Boston, Mass. 
260 |b Thomson/Course Technology 
260 |c 2006 
650 |a HTML (Document markup language),Ngôn ngữ HTML 
904 |i Minh 
980 |a Trung tâm Học liệu Trường Đại học Cần Thơ